000 00519nam a22001817a 4500
005 20251108175813.0
008 250721s2021 xx 000 0 eng d
082 1 4 _aJ/F/SAY
100 1 _aal sayegh, noor
245 1 4 _athe day i met salem /
264 1 _aabu dhabi :
_bdragon foundation for publishing and distribution,
_c2021.
300 _a46P.
650 1 7 _aFiction
653 _aاطفال مرحلة متوسطة(6-9)سنوات
700 1 _aREUDOR, MORAN
_eرسام
942 _2ddc
_cBK
999 _c142828
_d142828